[Event "5th Classic Open 2013"]
[Site "London ENG"]
[Date "2013.12.07"]
[Round "1.34"]
[White "Sarkar, Justin"]
[Black "Acosta, Mariano USA"]
[Result "1-0"]
[WhiteTitle "IM"]
[WhiteElo "2425"]
[BlackElo "1991"]
[WhiteFideId "2010011"]
[BlackFideId "2008629"]
[EventDate "2013.12.07"]

1. d4 Nf6 2. c4 g6 3. f3 Nc6 4. d5 Ne5 5. e4 d6 6. Nc3 Bg7 7. f4 Neg4 8. h3 Nh6
9. g4 e5 10. f5 gxf5 11. exf5 Nd7 12. Nf3 Nc5 13. f6 Bxf6 14. Bxh6 e4 15. Nd4
Bh4+ 16. Kd2 Bf2 17. Nc2 Qf6 18. Be3 Bxe3+ 19. Nxe3 h5 20. Bg2 hxg4 21. hxg4 Rg8
22. Kc2 Bd7 23. Qe2 O-O-O 24. Raf1 Qg6 25. Qf2 Kb8 26. Qxf7 Bxg4 27. Qxg6 Rxg6
28. b4 Nd3 29. Bxe4 Nxb4+ 30. Kb3 Rg7 31. Kxb4 a5+ 32. Kxa5 Bd7 33. Rh7 b6+ 34.
Kb4 Rg3 35. Rf3 Rg1 36. Rff7 Bc8 37. Ne2 Re1 38. Nd4 c5+ 39. dxc6 Re8 40. Rb7+
Ka8 41. Nb5 Bxb7 42. Rxb7 Rc8 43. Ra7+ 1-0

[Event "5th Classic Open 2013"]
[Site "London ENG"]
[Date "2013.12.07"]
[Round "1.37"]
[White "Vachtfeidl, Petr"]
[Black "Houska, Jovanka"]
[Result "1/2-1/2"]
[BlackTitle "IM"]
[WhiteElo "1985"]
[BlackElo "2415"]
[WhiteFideId "315028"]
[BlackFideId "405094"]
[EventDate "2013.12.07"]

1. e4 c6 2. d4 d5 3. Nc3 dxe4 4. Nxe4 Bf5 5. Ng3 Bg6 6. h4 h6 7. Nf3 Nd7 8. h5
Bh7 9. Bd3 Bxd3 10. Qxd3 e6 11. Bf4 Qa5+ 12. Bd2 Bb4 13. Ne4 Ngf6 14. Nd6+ Ke7
15. Nc4 Bxd2+ 16. Nfxd2 Qc7 17. O-O-O Rhd8 18. Nf3 c5 19. Rh4 Kf8 20. dxc5 Nxc5
21. Qe2 Rxd1+ 22. Qxd1 Rd8 23. Qe2 Rd5 24. Nfe5 Nfd7 25. Nxd7+ Qxd7 26. Ne5 Qd8
27. Nf3 e5 28. Rh1 Ne6 29. g3 Nd4 30. Nxd4 exd4 31. f4 d3 32. cxd3 Rxd3 33. Rd1
Qc8+ 34. Qc2 Qxc2+ 35. Kxc2 Rxg3 36. Rd7 b5 37. Rxa7 Rh3 38. Rb7 Rxh5 39. Kb3
Rf5 40. a4 bxa4+ 41. Kxa4 Rxf4+ 42. b4 g5 43. Ka5 g4 44. Rd7 Rf1 45. Rd3 h5 46.
b5 Rb1 47. b6 h4 48. Rd4 h3 49. Rb4 Rxb4 50. Kxb4 h2 51. b7 h1=Q 52. b8=Q+ Kg7
53. Qe5+ Kg6 54. Qd6+ f6 55. Qd3+ Kh6 56. Qe3+ Kh5 57. Qe8+ Kg5 58. Qg8+ Kf4 59.
Qb8+ Ke3 60. Qb6+ Kd3 61. Qa6+ Kd2 62. Qa2+ Ke3 63. Qa7+ Ke2 64. Qa2+ Ke3 65.
Qa7+ Ke2 66. Qa2+ Kf1 67. Qb1+ Kg2 68. Qe4+ Kh2 69. Qh7+ Kg1 70. Qb1+ 1/2-1/2

[Event "5th Classic Open 2013"]
[Site "London ENG"]
[Date "2013.12.07"]
[Round "1.38"]
[White "Cox, John J"]
[Black "Milligan, Helen"]
[Result "1-0"]
[WhiteTitle "IM"]
[BlackTitle "CM"]
[WhiteElo "2382"]
[BlackElo "1977"]
[WhiteFideId "401064"]
[BlackFideId "2401312"]
[EventDate "2013.12.07"]

1. c4 Nf6 2. g3 g6 3. Bg2 Bg7 4. Nf3 d6 5. O-O O-O 6. Nc3 e5 7. d3 Nc6 8. Rb1 a5
9. a3 h6 10. b4 axb4 11. axb4 Be6 12. b5 Ne7 13. Bb2 Qc8 14. Ra1 Rb8 15. Qb3 Bh3
16. Nd5 Nexd5 17. cxd5 e4 18. dxe4 Nxe4 19. Bxg7 Kxg7 20. Qc4 Nc5 21. e4 Bxg2
22. Kxg2 Qg4 23. Ne5 Qg5 24. Nd3 b6 25. Ra7 Qe7 26. f3 h5 27. h4 Ra8 28. Rfa1
Rxa7 29. Rxa7 Rb8 30. Qc3+ Kh7 31. Nxc5 dxc5 32. e5 Qe8 33. Rxc7 Qxb5 34. Rxf7+
Kg8 35. e6 Qe2+ 36. Kg1 Qd1+ 37. Kf2 Qd4+ 38. Qxd4 cxd4 39. d6 1-0

[Event "5th Classic Open 2013"]
[Site "London ENG"]
[Date "2013.12.07"]
[Round "1.39"]
[White "Cannon, Raymond C"]
[Black "Fernandez, Daniel Howard"]
[Result "0-1"]
[BlackTitle "IM"]
[WhiteElo "1975"]
[BlackElo "2381"]
[WhiteFideId "408018"]
[BlackFideId "5801605"]
[EventDate "2013.12.07"]

1. e4 c5 2. Nf3 d6 3. Nc3 Nc6 4. d4 cxd4 5. Nxd4 Nf6 6. Bg5 e6 7. Qd2 h6 8. Bxf6
gxf6 9. O-O-O a6 10. f4 h5 11. Kb1 Qb6 12. Nf3 Bd7 13. e5 fxe5 14. fxe5 d5 15.
Ne4 O-O-O 16. Nf6 Qc7 17. Qe3 Bh6 18. Qc3 d4 19. Qc5 Bf8 20. Qc4 Kb8 21. Nxd4
Nxe5 22. Qxc7+ Kxc7 23. Nxd7 Rxd7 24. Be2 Ng4 25. Nf3 Rxd1+ 26. Rxd1 Ne3 27. Rd3
Nxg2 28. Ne5 Nf4 29. Rd7+ Kc8 30. Bf3 Nd5 31. c4 Bg7 32. cxd5 Bxe5 33. dxe6 fxe6
34. Rxb7 Bxh2 35. Rb6 Kd7 36. Rxa6 Bg1 37. Ra5 h4 38. Rh5 Rf8 39. Be2 Rf4 40. a4
Kd6 41. a5 e5 42. a6 Bd4 43. b3 Rf2 44. Bc4 Rb2+ 45. Kc1 Rh2 46. Rh7 h3 47. a7
Bxa7 48. Rxa7 Rg2 49. Rh7 h2 50. Bf1 Rf2 51. Bc4 Ra2 52. Kb1 Rg2 53. Bf1 Rf2 54.
Bc4 Kc5 55. Rh3 e4 56. Kc1 Ra2 57. Bf1 Rf2 58. Bc4 Kd4 59. Ba6 e3 60. Bc4 e2 61.
Bxe2 Rxe2 62. Rh8 Re1+ 0-1

[Event "5th Classic Open 2013"]
[Site "London ENG"]
[Date "2013.12.07"]
[Round "1.41"]
[White "Pleininger, Rudolf"]
[Black "Ansell, Simon T"]
[Result "0-1"]
[BlackTitle "IM"]
[WhiteElo "1968"]
[BlackElo "2374"]
[WhiteFideId "1305999"]
[BlackFideId "402141"]
[EventDate "2013.12.07"]

1. e4 c5 2. Nc3 Nc6 3. f4 g6 4. Nf3 Bg7 5. Bb5 Nd4 6. O-O Nxb5 7. Nxb5 d5 8.
exd5 a6 9. Nc3 Nf6 10. d4 c4 11. Re1 Nxd5 12. Qe2 O-O 13. Qxc4 Nxc3 14. Qxc3 Be6
15. Qe3 Bd5 16. c3 e6 17. b3 Rc8 18. Bb2 b5 19. Ne5 Qh4 20. Nd7 Rfd8 21. Nb6 Rc6
22. Nxd5 exd5 23. g3 Qh3 24. Qe7 Bf6 25. Qe3 h5 26. Qf2 Rdc8 27. Re2 Kg7 28.
Rae1 h4 29. Re8 hxg3 30. hxg3 Rxe8 31. Rxe8 Re6 32. Rxe6 Qxe6 33. Bc1 Qe4 34.
Qe3 Qc2 35. Qd2 Qb1 36. g4 Kg8 37. g5 Be7 38. Kh2 Bd6 39. Kg3 Qf5 40. Kh4 Qe4
41. Qe3 Qh1+ 42. Kg3 Kg7 43. c4 bxc4 44. bxc4 Qh5 45. Kg2 Qg4+ 46. Kf2 Qh4+ 47.
Kg1 Qg4+ 48. Kf2 Qh4+ 49. Kf1 Qh1+ 50. Ke2 Qg2+ 51. Qf2 Qe4+ 52. Kf1 dxc4 53.
Qe3 Qc2 54. d5 c3 55. Qd4+ Kg8 56. Be3 Qb1+ 57. Kg2 c2 58. Qc3 Qxa2 59. Qc8+ Bf8
60. Qc6 c1=Q+ 0-1

[Event "5th Classic Open 2013"]
[Site "London ENG"]
[Date "2013.12.07"]
[Round "1.42"]
[White "Andersson, Tommy"]
[Black "Faldon, David J"]
[Result "1/2-1/2"]
[WhiteTitle "FM"]
[WhiteElo "2370"]
[BlackElo "1960"]
[WhiteFideId "1703803"]
[BlackFideId "426016"]
[EventDate "2013.12.07"]

1. d4 d5 2. c4 e6 3. Nc3 c5 4. cxd5 exd5 5. Nf3 Nc6 6. g3 Nf6 7. Bg2 Be7 8. O-O
O-O 9. Bg5 c4 10. Ne5 Be6 11. b3 h6 12. Bxf6 Bxf6 13. Nxc6 bxc6 14. bxc4 dxc4
15. e3 Qa5 16. Rc1 Rac8 17. Qa4 Qxa4 18. Nxa4 Be7 19. Rc2 Rfd8 20. Rd1 Ba3 21.
Nb2 Bxb2 22. Rxb2 Rd7 23. Rc2 Rb7 24. Rdc1 Rb4 25. Rc3 Kf8 26. Ra3 Rc7 27. Bf1
c5 28. dxc5 Rxc5 29. Rac3 Bd5 30. e4 Bxe4 31. Rxc4 Rbxc4 32. Rxc4 Rxc4 33. Bxc4
a5 34. f4 Ke7 35. Kf2 f6 36. Ke3 Bf5 37. Kd4 Kd6 38. a3 g5 39. fxg5 fxg5 40. h4
gxh4 41. gxh4 1/2-1/2

[Event "5th Classic Open 2013"]
[Site "London ENG"]
[Date "2013.12.07"]
[Round "1.43"]
[White "Millward, Kevin P"]
[Black "Ortega Ruiz, Jose Miguel"]
[Result "0-1"]
[BlackTitle "FM"]
[WhiteElo "1950"]
[BlackElo "2366"]
[WhiteFideId "404721"]
[BlackFideId "2209713"]
[EventDate "2013.12.07"]

1. g3 g6 2. Bg2 Bg7 3. e4 c5 4. Nc3 Nc6 5. d3 Rb8 6. Be3 Nd4 7. Nge2 b5 8. Qd2
d6 9. O-O h5 10. h4 e6 11. Nd1 Bb7 12. c3 Nc6 13. d4 cxd4 14. cxd4 a6 15. b4 Nf6
16. f3 d5 17. Nb2 dxe4 18. fxe4 Ng4 19. Rad1 O-O 20. a3 Nxe3 21. Qxe3 Qb6 22.
Qf2 Rbd8 23. e5 Rd7 24. Kh2 Rfd8 25. Bxc6 Qxc6 26. Nd3 Bh6 27. d5 exd5 28. Nd4
Qc3 29. e6 fxe6 30. Ne5 Rf8 31. Qxf8+ Bxf8 32. Nxd7 Qb2+ 33. Kh3 Be7 34. Ne5 Bd6
35. Nxg6 e5 36. Nf5 d4 37. Rg1 Bc8 38. Rdf1 e4 39. Rg2 Bxf5+ 40. Rxf5 Qb1 41.
Rf6 e3 42. Kh2 d3 43. Rxd6 d2 44. Ne7+ Kf7 45. Nf5 Qxf5 46. Rd4 0-1

[Event "5th Classic Open 2013"]
[Site "London ENG"]
[Date "2013.12.07"]
[Round "1.44"]
[White "Slavin, Alexey"]
[Black "James, Angus S"]
[Result "1-0"]
[WhiteTitle "IM"]
[WhiteElo "2363"]
[BlackElo "1941"]
[WhiteFideId "24104388"]
[BlackFideId "470503"]
[EventDate "2013.12.07"]

1. Nf3 Nf6 2. b3 e6 3. Bb2 d5 4. e3 Be7 5. d4 O-O 6. Bd3 b6 7. Nbd2 Bb7 8. Ne5
Nbd7 9. f4 Ne4 10. Nxd7 Qxd7 11. Nxe4 dxe4 12. Be2 Rfd8 13. O-O f5 14. g4 c5 15.
gxf5 exf5 16. Bc4+ Bd5 17. Bxd5+ Qxd5 18. c4 Qf7 19. d5 Rd6 20. Be5 Rg6+ 21. Kh1
Rg4 22. Qd2 Rd8 23. a4 Bd6 24. a5 g5 25. axb6 axb6 26. Bxd6 Rxd6 27. fxg5 Rxg5
28. Qb2 Qf6 29. Ra8+ Kg7 30. Ra7+ Kh6 31. Qf2 Qg6 32. Qh4+ Qh5 33. Qf4 Qh3 34.
Qxd6+ Rg6 35. Qf8+ 1-0

[Event "5th Classic Open 2013"]
[Site "London ENG"]
[Date "2013.12.07"]
[Round "1.46"]
[White "Ben Artzi, Ido"]
[Black "White, David J"]
[Result "1-0"]
[WhiteElo "2341"]
[BlackElo "1915"]
[WhiteFideId "2810913"]
[BlackFideId "402931"]
[EventDate "2013.12.07"]

1. d4 Nf6 2. c4 c5 3. d5 b5 4. cxb5 a6 5. bxa6 g6 6. Nc3 Bxa6 7. Nf3 d6 8. g3
Bg7 9. Bg2 Nbd7 10. Rb1 O-O 11. O-O Qa5 12. Bd2 Rfb8 13. b3 Qc7 14. Qc2 Nb6 15.
Nh4 Ra7 16. Rfd1 Rab7 17. a4 Nbd7 18. Nf3 Ng4 19. Bf1 c4 20. b4 Rxb4 21. Rxb4
Rxb4 22. h3 Nge5 23. Nb5 Nxf3+ 24. exf3 Rxb5 25. axb5 Bxb5 26. Bc3 Nb6 27. Bxg7
Ba4 28. Qc3 Bxd1 29. Bh6 e5 30. dxe6 fxe6 31. Qf6 1-0

[Event "5th Classic Open 2013"]
[Site "London ENG"]
[Date "2013.12.07"]
[Round "1.48"]
[White "Bates, Richard A"]
[Black "Phillips, Owen S"]
[Result "1-0"]
[WhiteTitle "IM"]
[WhiteElo "2338"]
[BlackElo "1913"]
[WhiteFideId "403555"]
[BlackFideId "417882"]
[EventDate "2013.12.07"]

1. d4 Nf6 2. Nf3 e6 3. c4 c5 4. d5 b5 5. Bf4 exd5 6. cxd5 d6 7. e4 Qa5+ 8. Bd2
Qb6 9. Bd3 Be7 10. O-O h6 11. Nc3 b4 12. Ne2 Bg4 13. Ng3 Nbd7 14. h3 Bxf3 15.
Qxf3 Ne5 16. Qe2 Nxd3 17. Qxd3 Nd7 18. Nf5 Bf6 19. Qg3 Be5 20. f4 Bxb2 21. Rab1
g6 22. Nxd6+ Qxd6 23. Rxb2 a5 24. Be3 c4 25. Bd4 Rg8 26. Qf3 c3 27. e5 Qa6 28.
Rc2 Nb6 29. d6 Nc4 30. Qd5 Nb6 31. Qf3 Nc4 32. Re1 Nb6 33. e6 fxe6 34. Qc6+ Nd7
35. Rxe6+ Kd8 36. Qc7# 1-0

[Event "5th Classic Open 2013"]
[Site "London ENG"]
[Date "2013.12.07"]
[Round "1.49"]
[White "Matthew, Ian G"]
[Black "Longson, Alexander"]
[Result "0-1"]
[BlackTitle "FM"]
[WhiteElo "1910"]
[BlackElo "2333"]
[WhiteFideId "423165"]
[BlackFideId "408093"]
[EventDate "2013.12.07"]

1. e4 c5 2. Nf3 d6 3. d4 cxd4 4. Nxd4 Nf6 5. Nc3 a6 6. f4 e5 7. Nf3 Nbd7 8. a4
Be7 9. Bd3 O-O 10. O-O exf4 11. Kh1 Nh5 12. Nd5 Ndf6 13. Nxf6+ Bxf6 14. e5 dxe5
15. Nxe5 g6 16. Ng4 Bg7 17. Bxf4 Nxf4 18. Rxf4 h5 19. Nf2 Bxb2 20. Rb1 Be5 21.
Rf3 Be6 22. Qf1 Qh4 23. g3 Qxa4 0-1

[Event "5th Classic Open 2013"]
[Site "London ENG"]
[Date "2013.12.07"]
[Round "1.51"]
[White "Jacob, Sydney J"]
[Black "Wall, Gavin"]
[Result "1/2-1/2"]
[BlackTitle "IM"]
[WhiteElo "1907"]
[BlackElo "2328"]
[WhiteFideId "419338"]
[BlackFideId "2501244"]
[EventDate "2013.12.07"]

1. d4 f5 2. Nc3 Nf6 3. Bg5 d5 4. e3 e6 5. Bd3 c5 6. dxc5 Bxc5 7. Nf3 O-O 8. O-O
Nc6 9. h3 a6 10. a3 h6 11. Bf4 Ne4 12. Bxe4 fxe4 13. Ne5 Ne7 14. Qh5 Rf5 15. Qd1
Bd6 16. Ng4 Bxf4 17. exf4 Rxf4 18. Qd2 Qc7 19. Rad1 b6 20. Qd4 Bb7 21. Qe5 Rc8
22. Qxe6+ Kh7 23. Qe5 Qxe5 24. Nxe5 Rc7 25. Ng4 Rf5 26. Ne3 Re5 27. Rd4 1/2-1/2

[Event "5th Classic Open 2013"]
[Site "London ENG"]
[Date "2013.12.07"]
[Round "1.52"]
[White "Sowray, Peter J"]
[Black "McCarthy, Damian"]
[Result "1-0"]
[WhiteTitle "FM"]
[WhiteElo "2326"]
[BlackElo "1905"]
[WhiteFideId "400971"]
[BlackFideId "422240"]
[EventDate "2013.12.07"]

1. d4 Nf6 2. c4 e6 3. Nc3 Bb4 4. e3 b6 5. Ne2 Ba6 6. a3 Bxc3+ 7. Nxc3 d5 8. b3
O-O 9. g4 dxc4 10. bxc4 Bb7 11. Rg1 Ne4 12. Qc2 Ng5 13. Rg3 f5 14. gxf5 exf5 15.
d5 Nd7 16. f4 Ne4 17. Nxe4 fxe4 18. Bb2 Nf6 19. O-O-O Qe7 20. Be2 Rad8 21. Rdg1
Rf7 22. Qc3 c6 23. Qe5 Qf8 24. Bh5 Nxh5 25. Qxh5 Rdd7 26. Rh3 Qc5 27. Qxh7+ Kf8
28. Qxe4 Kg8 29. Rxg7+ Rxg7 30. Qe8+ Qf8 31. Rh8+ Kxh8 32. Qxf8+ Kh7 33. Bxg7 1-0

[Event "5th Classic Open 2013"]
[Site "London ENG"]
[Date "2013.12.07"]
[Round "1.54"]
[White "Buchicchio, Giampaolo"]
[Black "Dydak, Mateusz"]
[Result "1-0"]
[WhiteTitle "FM"]
[WhiteElo "2312"]
[BlackElo "1901"]
[WhiteFideId "811491"]
[BlackFideId "2612305"]
[EventDate "2013.12.07"]

1. e4 e6 2. d4 d5 3. Nc3 dxe4 4. Nxe4 Nd7 5. Nf3 Ngf6 6. Nxf6+ Nxf6 7. Bd3 c5 8.
Be3 Qc7 9. O-O cxd4 10. Bxd4 Be7 11. Re1 O-O 12. Ne5 Bd7 13. Qf3 Bc6 14. Qg3 Ne8
15. Qh3 g6 16. Ng4 h5 17. Qxh5 Ng7 18. Qh6 f6 19. Bxg6 Rfd8 20. Qh7+ Kf8 21.
Qh8# 1-0

[Event "5th Classic Open 2013"]
[Site "London ENG"]
[Date "2013.12.07"]
[Round "1.55"]
[White "Shah, Dipak K"]
[Black "Chapman, Terry P D"]
[Result "0-1"]
[BlackTitle "FM"]
[WhiteElo "1886"]
[BlackElo "2309"]
[WhiteFideId "425842"]
[BlackFideId "413399"]
[EventDate "2013.12.07"]

1. e4 c5 2. Nf3 e6 3. d4 cxd4 4. Nxd4 Nc6 5. c3 Qc7 6. Be2 Nf6 7. Bf3 Ne5 8. b3
a6 9. Bb2 b5 10. Qe2 Bb7 11. Nd2 Nxf3+ 12. N4xf3 Be7 13. O-O O-O 14. h3 Rac8 15.
Rac1 Qf4 16. Rfe1 d5 17. e5 Ne4 18. b4 Rfe8 19. Qe3 Qxe3 20. Rxe3 Nxd2 21. Nxd2
d4 22. cxd4 Rxc1+ 23. Bxc1 Rc8 24. Nb3 Bxb4 25. Re2 Bd5 26. Be3 Rc3 27. Nc5 Ra3
28. Bc1 Rxa2 29. Rxa2 Bxa2 30. Nxa6 Bc3 31. Nc7 Bc4 32. Be3 b4 33. d5 exd5 34.
e6 fxe6 35. Nxe6 b3 36. Nd4 b2 0-1

[Event "5th Classic Open 2013"]
[Site "London ENG"]
[Date "2013.12.07"]
[Round "1.57"]
[White "Rumsey, Victor B"]
[Black "Osborne, Marcus E"]
[Result "0-1"]
[WhiteElo "1861"]
[BlackElo "2286"]
[WhiteFideId "432873"]
[BlackFideId "404608"]
[EventDate "2013.12.07"]

1. d4 e6 2. c4 Nf6 3. Nf3 b6 4. g3 Ba6 5. Nbd2 Bb4 6. Qa4 c5 7. a3 Bxd2+ 8. Bxd2
O-O 9. Bg2 d5 10. cxd5 exd5 11. Bf4 Re8 12. e3 Qc8 13. dxc5 Ne4 14. b4 Re7 15.
b5 Nxc5 16. Qd4 Bxb5 17. Rb1 Nd3+ 18. Kd2 Bc4 19. Bd6 Nc6 20. Qc3 Nxf2 21. Nd4
Rd7 22. Rhf1 Nxd4 23. Rxf2 Nb3+ 24. Rxb3 Bxb3 25. Qxb3 Rxd6 26. Bxd5 Qc5 27. Rf5
Rad8 28. e4 g6 29. Rf3 Qd4+ 30. Ke2 Rf6 31. Bxf7+ Kg7 32. Bd5 Rxf3 33. Kxf3 Rf8+
34. Kg2 Rf2+ 35. Kh3 Qd2 0-1

[Event "5th Classic Open 2013"]
[Site "London ENG"]
[Date "2013.12.07"]
[Round "1.58"]
[White "Carr, Neil L"]
[Black "Whatley, Stephen A J"]
[Result "1-0"]
[WhiteTitle "FM"]
[WhiteElo "2275"]
[BlackElo "1852"]
[WhiteFideId "401048"]
[BlackFideId "420441"]
[EventDate "2013.12.07"]

1. e4 c5 2. d4 cxd4 3. c3 dxc3 4. Nxc3 Nc6 5. Nf3 e6 6. Bc4 d6 7. O-O Be7 8. Qe2
Nf6 9. Rd1 e5 10. Be3 O-O 11. b4 Bg4 12. a3 Rc8 13. Rac1 Bxf3 14. gxf3 Nh5 15.
b5 Nd4 16. Bxd4 exd4 17. Nd5 Bg5 18. Rc2 Nf4 19. Nxf4 Bxf4 20. Rxd4 Qh4 21. Kf1
Qxh2 22. Qd3 h5 23. Rd5 h4 24. Rf5 h3 25. Bxf7+ Kh8 26. Be6 Qg2+ 27. Ke2 Rcd8
28. Rh5+ Bh6 29. Bxh3 Qg6 30. Rd5 Qf7 31. Bg4 Qe7 32. Qd4 b6 33. Rc6 Rf6 34. Qc3
Rf4 35. Bf5 Rd7 36. Rcxd6 Rxf5 37. Rxd7 Qf6 38. Qc8+ Kh7 39. exf5 Qb2+ 40. Kf1 1-0

[Event "5th Classic Open 2013"]
[Site "London ENG"]
[Date "2013.12.07"]
[Round "1.59"]
[White "Solli, Oddvar"]
[Black "Roe, Simon J"]
[Result "0-1"]
[WhiteElo "1849"]
[BlackElo "2263"]
[WhiteFideId "1501208"]
[BlackFideId "401471"]
[EventDate "2013.12.07"]

1. d4 Nf6 2. c4 c5 3. Nf3 cxd4 4. Nxd4 e5 5. Nb3 Nc6 6. g3 d5 7. cxd5 Nxd5 8.
Bg2 Be6 9. O-O Be7 10. N1d2 Rc8 11. Ne4 b6 12. Bd2 O-O 13. Rc1 h6 14. Nc3 Ndb4
15. h4 Qd7 16. Be3 Qb7 17. Nd2 Rfd8 18. Qa4 a6 19. a3 b5 20. Qd1 Nd5 21. Nxd5
Bxd5 22. f3 Nd4 23. Bxd4 exd4 24. Rxc8 Qxc8 25. Nb3 Qb8 26. Kf2 Bc4 27. Nc1 d3 0-1

[Event "5th Classic Open 2013"]
[Site "London ENG"]
[Date "2013.12.07"]
[Round "1.60"]
[White "Coleman, David J"]
[Black "Gupta, Arul"]
[Result "1-0"]
[WhiteTitle "CM"]
[WhiteElo "2257"]
[BlackElo "1840"]
[WhiteFideId "402087"]
[BlackFideId "422622"]
[EventDate "2013.12.07"]

1. e4 e5 2. d4 exd4 3. Qxd4 Nc6 4. Qe3 Nf6 5. Nc3 Bb4 6. Bd2 O-O 7. O-O-O Re8 8.
Qg3 Nxe4 9. Nxe4 Rxe4 10. c3 Be7 11. f4 d5 12. Bd3 Bh4 13. Qf3 Re8 14. g4 d4 15.
Qg2 g6 16. Nf3 Bf6 17. c4 Qd6 18. a3 a5 19. h4 Bg7 20. h5 Bd7 21. hxg6 fxg6 22.
Ng5 h6 23. Ne4 Qe7 24. Rde1 Qf7 25. Kb1 Be6 26. Rc1 a4 27. Rhf1 Na5 28. Bxa5
Rxa5 29. Qd2 Raa8 30. f5 gxf5 31. gxf5 Bxf5 32. Nf6+ Qxf6 33. Rxf5 Qe7 34. Qg2
Qe3 35. Rf3 Qg5 36. Rg3 Qe5 37. Rg6 Ra6 38. c5 Rc6 39. Rg1 Re7 40. Rxc6 bxc6 41.
Qg6 Qd5 42. Rf1 Rf7 43. Re1 Kf8 44. Be4 Qxc5 45. Qe6 Qe5 46. Qc8+ Ke7 47. Re2
Rf1+ 48. Ka2 Kf7 49. Qd7+ Kf8 50. Bg6 Qxe2 51. Qd8+ 1-0

[Event "5th Classic Open 2013"]
[Site "London ENG"]
[Date "2013.12.07"]
[Round "1.62"]
[White "Persson, Mats"]
[Black "Dror, Levi"]
[Result "1-0"]
[WhiteElo "2250"]
[BlackElo "1835"]
[WhiteFideId "1708333"]
[BlackFideId "2809583"]
[EventDate "2013.12.07"]

1. e4 e6 2. d4 d5 3. Nc3 Bb4 4. e5 c5 5. a3 Bxc3+ 6. bxc3 Ne7 7. h4 Qc7 8. Nf3
Nbc6 9. h5 Bd7 10. h6 g6 11. g4 Rc8 12. Bg5 cxd4 13. Bf6 O-O 14. cxd4 Rfe8 15.
Qd2 Na5 16. Bd3 Ba4 17. O-O Qc3 18. Qf4 Qc7 19. Rfe1 Nc4 20. Bg5 f5 21. exf6
Qxf4 22. Bxf4 Nc6 23. Bxc4 dxc4 24. c3 Kh8 25. Ng5 1-0

[Event "5th Classic Open 2013"]
[Site "London ENG"]
[Date "2013.12.07"]
[Round "1.63"]
[White "Clayton, Tristan"]
[Black "Stephan, Axel"]
[Result "0-1"]
[WhiteElo "1832"]
[BlackElo "2250"]
[WhiteFideId "416533"]
[BlackFideId "4632834"]
[EventDate "2013.12.07"]

1. e4 g6 2. d4 Bg7 3. Nf3 c6 4. Be2 d5 5. e5 Bg4 6. O-O e6 7. Be3 Ne7 8. Nbd2
Nd7 9. c3 Qb6 10. Qb3 Nf5 11. Rfe1 Nxe3 12. fxe3 Bh6 13. Bd3 O-O 14. Qxb6 Nxb6
15. e4 Rac8 16. h3 Bxf3 17. Nxf3 Rfd8 18. Nh2 Bg7 19. Ng4 h5 20. Nf6+ Bxf6 21.
exf6 dxe4 22. Bxe4 Nd5 23. Rf1 Kh7 24. Rae1 Kh6 25. Bc2 h4 26. Re5 g5 27. Kh2
Nf4 28. a3 c5 29. Rxc5 Rxc5 30. dxc5 Rd2 31. Be4 Rxb2 32. Rb1 Rxb1 33. Bxb1 Nh5
34. Be4 Nxf6 35. Bxb7 Ne8 36. g3 hxg3+ 37. Kxg3 Kg6 38. Be4+ f5 39. Bc2 Kf6 40.
Kf3 Nc7 41. c4 Ke5 42. Ke3 Ne8 43. Bd1 Nf6 44. Bf3 Ne8 45. Bd1 Nc7 46. Bc2 Na6
47. c6 Nc7 48. Bb3 Kd6 49. Ba4 Kc5 50. Kd3 e5 51. Kc3 e4 52. Bc2 Ne6 53. Ba4 a6
54. c7 Nxc7 55. Bd7 f4 56. Bf5 e3 57. Bg4 Ne8 58. Kd3 Nd6 59. Be6 Nxc4 0-1

[Event "5th Classic Open 2013"]
[Site "London ENG"]
[Date "2013.12.07"]
[Round "1.64"]
[White "Ledger, Dave J"]
[Black "Staneland, Peter E"]
[Result "1-0"]
[WhiteTitle "FM"]
[WhiteElo "2246"]
[BlackElo "1829"]
[WhiteFideId "401986"]
[BlackFideId "416576"]
[EventDate "2013.12.07"]

1. e4 e6 2. d4 d5 3. Nc3 Bb4 4. e5 c5 5. a3 Bxc3+ 6. bxc3 Ne7 7. Qg4 Ng6 8. h4
h5 9. Qg3 Nc6 10. Nf3 Bd7 11. Bd3 Nce7 12. Bg5 Qa5 13. O-O Bb5 14. Bxb5+ Qxb5
15. Bxe7 Nxe7 16. Qxg7 Rg8 17. Qh7 Qe2 18. Rfe1 Qa6 19. Ng5 Rf8 20. Qxh5 Ng6 21.
g3 Rh8 22. Qf3 Rf8 23. Qf6 Ne7 24. h5 Ng8 25. Qg7 O-O-O 26. Nxf7 cxd4 27. cxd4
Kb8 28. Nxd8 1-0

[Event "5th Classic Open 2013"]
[Site "London ENG"]
[Date "2013.12.07"]
[Round "1.66"]
[White "Berry, Neil"]
[Black "Burnham, Frank D"]
[Result "1-0"]
[WhiteTitle "FM"]
[WhiteElo "2242"]
[BlackElo "1818"]
[WhiteFideId "2400650"]
[BlackFideId "419516"]
[EventDate "2013.12.07"]

1. d4 b5 2. e4 Bb7 3. Bd3 a6 4. Nf3 e6 5. O-O Nf6 6. Re1 Be7 7. Nbd2 O-O 8. Nf1
d6 9. Ng3 h6 10. c3 Nbd7 11. Qe2 c5 12. e5 dxe5 13. dxe5 Ne8 14. Bf4 g5 15. Bc1
Qc7 16. h3 Rd8 17. Bc2 Bxf3 18. gxf3 Ng7 19. f4 f5 20. exf6 Bxf6 21. Qe4 gxf4
22. Bxf4 e5 23. Bxh6 Rf7 24. Qh7+ Kf8 25. Bg6 Ke7 26. Nf5+ Kf8 27. Qh8# 1-0

[Event "5th Classic Open 2013"]
[Site "London ENG"]
[Date "2013.12.07"]
[Round "1.67"]
[White "Baterdene, Tsogbayar"]
[Black "Stigar, Petter"]
[Result "0-1"]
[BlackTitle "FM"]
[WhiteElo "1816"]
[BlackElo "2240"]
[WhiteFideId "4901592"]
[BlackFideId "1500341"]
[EventDate "2013.12.07"]

1. e4 c6 2. d4 d5 3. Nc3 dxe4 4. Nxe4 Bf5 5. Ng3 Bg6 6. h4 h6 7. h5 Bh7 8. Nf3
Nd7 9. Bd3 Bxd3 10. Qxd3 e6 11. Bd2 Ngf6 12. O-O-O Be7 13. Kb1 O-O 14. Ne4 Nxe4
15. Qxe4 Nf6 16. Qe2 Qd5 17. Ne5 Rad8 18. g4 Qe4 19. Be3 Rxd4 20. Rxd4 Qxh1+ 21.
Rd1 Qe4 22. Nd7 Rd8 23. f3 Qa4 24. Nxf6+ Bxf6 25. Rxd8+ Bxd8 26. Qd2 Bf6 27. f4
Qb5 28. c3 a6 29. g5 hxg5 30. fxg5 Be7 31. h6 Qf5+ 32. Kc1 Qd5 33. Qd4 Qxd4 34.
cxd4 gxh6 35. gxh6 Kh7 36. Kc2 Bf8 37. Kc3 Bxh6 38. Bf2 Bf8 39. Bg3 Kg6 40. a4
Kf5 41. Kd3 Be7 42. Bc7 b5 43. axb5 axb5 44. b3 Bg5 45. Bd6 Bf4 46. Bc5 Bc7 47.
Bf8 Kg4 48. Bg7 f5 49. Ke2 Kf4 50. Kd3 Kf3 51. Bf6 f4 52. Bh4 Kg2 53. Ke2 f3+
54. Ke1 Bg3+ 0-1